000 01968cam a2200313 4500500
005 20251228080510.0
041 _afre
042 _adc
100 1 0 _aChauvière, Michel
_eauthor
245 0 0 _aLes référentiels, vague, vogue et galères
260 _c2006.
500 _a76
520 _aEn quelques années, les référentiels ont envahi le discours de l’action et de l’analyse, de manière conquérante et extensive. La contribution propose de distinguer l’usage normatif de l’usage explicatif de la notion de référentiel, en cherchant des arguments dans les politiques de qualification et de formation au travail social et dans l’approche cognitive des politiques publiques. Elle examine les différentes critiques formulées à l’encontre de cet usage dans le nouveau management public et montre enfin comment le second usage de la notion de référentiel peut en permettre le dépassement.
520 _aReferentials, passing fashions and long term troublesOver the past few years, referentials have conquered and extensively invaded discourse about action and analysis. This contribution proposes to distinguish normative use of the concept of referentials from explicative use. It examines criticisms of usage of referentials in the new management framework and shows how a different use of the word could contribute to transcending the problem.
690 _aapproche cognitive
690 _aformation professionnelle
690 _anouvelle gestion publique
690 _apolitiques publiques
690 _aRéférentiels
690 _atravail social
690 _acognitive approaches
690 _anew public management
690 _aprofessional training
690 _apublic policy
690 _areferentials
690 _asocial work
786 0 _nVie sociale | 2 | 2 | 2006-04-01 | p. 21-32 | 0042-5605
856 4 1 _uhttps://shs.cairn.info/revue-vie-sociale-2006-2-page-21?lang=fr&redirect-ssocas=7080
999 _c1598295
_d1598295